<?xml version="1.0" encoding="UTF-8"?>
<record
    xmlns:xsi="http://www.w3.org/2001/XMLSchema-instance"
    xsi:schemaLocation="http://www.loc.gov/MARC21/slim http://www.loc.gov/standards/marcxml/schema/MARC21slim.xsd"
    xmlns="http://www.loc.gov/MARC21/slim">

  <leader>00869nam a22002297a 4500</leader>
  <datafield tag="999" ind1=" " ind2=" ">
    <subfield code="c">63641</subfield>
    <subfield code="d">63641</subfield>
  </datafield>
  <controlfield tag="005">20240530110651.0</controlfield>
  <controlfield tag="008">171212s2016    ua a   g b    000 0 ara d</controlfield>
  <datafield tag="017" ind1=" " ind2=" ">
    <subfield code="a">22523</subfield>
    <subfield code="b">&#x645;&#x635;&#x631;. &#x62F;&#x627;&#x631; &#x627;&#x644;&#x643;&#x62A;&#x628;</subfield>
  </datafield>
  <datafield tag="020" ind1=" " ind2=" ">
    <subfield code="a">9789773583385</subfield>
  </datafield>
  <datafield tag="040" ind1=" " ind2=" ">
    <subfield code="a">EG-CaGPL</subfield>
    <subfield code="c">EG-CaGPL</subfield>
  </datafield>
  <datafield tag="082" ind1="0" ind2="4">
    <subfield code="2">21</subfield>
    <subfield code="a">658.4012\</subfield>
    <subfield code="b">&#x633; &#x62A;</subfield>
  </datafield>
  <datafield tag="100" ind1="0" ind2=" ">
    <subfield code="a">&#x633;&#x64A;&#x62F; &#x645;&#x62D;&#x645;&#x62F; &#x62C;&#x627;&#x62F;&#x627;&#x644;&#x631;&#x628;</subfield>
  </datafield>
  <datafield tag="245" ind1="1" ind2="2">
    <subfield code="a">&#x627;&#x644;&#x62A;&#x62E;&#x637;&#x64A;&#x637; &#x627;&#x644;&#x627;&#x633;&#x62A;&#x631;&#x627;&#x62A;&#x64A;&#x62C;&#x649; : </subfield>
    <subfield code="b">&#x645;&#x646;&#x647;&#x62C; &#x644;&#x62A;&#x62D;&#x642;&#x64A;&#x642; &#x627;&#x644;&#x62A;&#x645;&#x64A;&#x632; &#x627;&#x644;&#x62A;&#x646;&#x627;&#x641;&#x633;&#x649; /</subfield>
    <subfield code="c">&#x633;&#x64A;&#x62F; &#x645;&#x62D;&#x645;&#x62F; &#x62C;&#x627;&#x62F;&#x627;&#x644;&#x631;&#x628; .</subfield>
  </datafield>
  <datafield tag="250" ind1=" " ind2=" ">
    <subfield code="a">&#x637;.1</subfield>
  </datafield>
  <datafield tag="260" ind1=" " ind2=" ">
    <subfield code="a">&#x627;&#x644;&#x642;&#x627;&#x647;&#x631;&#x629; : </subfield>
    <subfield code="b">&#x62F;&#x627;&#x631; &#x627;&#x644;&#x641;&#x62C;&#x631; &#x644;&#x644;&#x646;&#x634;&#x631; &#x648; &#x627;&#x644;&#x62A;&#x648;&#x632;&#x64A;&#x639; &#x60C;</subfield>
    <subfield code="c">2016 .</subfield>
  </datafield>
  <datafield tag="300" ind1=" " ind2=" ">
    <subfield code="a">374 &#x635;. &#x61B;</subfield>
    <subfield code="c">24 &#x633;&#x645;.</subfield>
  </datafield>
  <datafield tag="650" ind1="0" ind2="7">
    <subfield code="2">qrmak</subfield>
    <subfield code="a">&#x627;&#x644;&#x62A;&#x62E;&#x637;&#x64A;&#x637; &#x627;&#x644;&#x627;&#x633;&#x62A;&#x631;&#x627;&#x62A;&#x64A;&#x62C;&#x649; </subfield>
  </datafield>
  <datafield tag="650" ind1="0" ind2="7">
    <subfield code="2">qrmak</subfield>
    <subfield code="a">&#x627;&#x644;&#x62A;&#x641;&#x643;&#x64A;&#x631; &#x627;&#x644;&#x627;&#x628;&#x62F;&#x627;&#x639;&#x649; </subfield>
  </datafield>
  <datafield tag="650" ind1="0" ind2="7">
    <subfield code="2">qrmak</subfield>
    <subfield code="a">&#x627;&#x644;&#x62A;&#x641;&#x643;&#x64A;&#x631; </subfield>
  </datafield>
  <datafield tag="942" ind1=" " ind2=" ">
    <subfield code="2">ddc</subfield>
    <subfield code="c">BK</subfield>
  </datafield>
  <datafield tag="952" ind1=" " ind2=" ">
    <subfield code="0">0</subfield>
    <subfield code="1">0</subfield>
    <subfield code="4">0</subfield>
    <subfield code="7">0</subfield>
    <subfield code="a">CAI</subfield>
    <subfield code="b">CAI</subfield>
    <subfield code="c">MAIN-LIBRARY</subfield>
    <subfield code="d">2017-12-12</subfield>
    <subfield code="l">0</subfield>
    <subfield code="o">658.4012\ &#x633; &#x62A;</subfield>
    <subfield code="p">163747</subfield>
    <subfield code="r">2017-12-12 00:00:00</subfield>
    <subfield code="w">2017-12-12</subfield>
    <subfield code="y">BK</subfield>
  </datafield>
</record>
